Interregional highways. : Message from the president of the United States transmitting a report of the National Interregional Highway Committee, outlinging and recommending a national system of interregional highways.

Bibliographic Details
Format: Government Document Book
Language:English
Published: Washington, D.C. : Govt. Print. Off, 1944.
Series:U.S. 78th Cong. 2d sess. House. Doc. ; no. 379
Subjects:

MARC

Tag First Indicator Second Indicator Subfields
LEADER 00000cam a2200000M 4500
001 in00003732021
005 20170926150447.0
008 150712s1944 dcuaf f000 0 eng d
035 |a (OCoLC)ocn913715306 
035 |a (OCoLC)913715306 
040 |a COO  |b eng  |c COO  |d OCLCO  |d OCLCF  |d OCLCQ  |d UtOrBLW 
043 |a n-us--- 
049 |a TXAM 
086 |a Y 3.N 21/15:H 35/PRELIM. 
245 0 0 |a Interregional highways. :  |b Message from the president of the United States transmitting a report of the National Interregional Highway Committee, outlinging and recommending a national system of interregional highways. 
264 1 |a Washington, D.C. :  |b Govt. Print. Off,  |c 1944. 
300 |a xi, 184 pages  |b illustrations, tables, XIV plates on 7 leaves  |c 24 cm. 
336 |a text  |b txt  |2 rdacontent 
337 |a unmediated  |b n  |2 rdamedia 
338 |a volume  |b nc  |2 rdacarrier 
490 1 |a U.S. 78th Cong. 2d sess. House. Doc. ;  |v no. 379 
650 0 |a Roads  |z United States.  |0 http://id.loc.gov/authorities/subjects/sh85114550 
650 7 |a Roads.  |2 fast  |0 (OCoLC)fst01098511 
651 7 |a United States.  |2 fast  |0 (OCoLC)fst01204155 
810 1 |a United States.  |b Congress  |n (78th, 2nd session :  |d 1944)  |b House.  |t Document ;  |v no. 379. 
994 |a C0  |b TXA 
948 |a cataloged  |b h  |c 2016/11/03  |d c  |e mjones  |f 10:41:41 am 
999 f f |s 6ece07a1-47c0-34b1-933c-4e2ba181ce5c  |i b4c4d69f-f309-3772-857d-948f57e70d72  |t 0 
952 f f |p ric  |a Texas A&M University  |b Rellis Campus  |c Joint Library Facility  |d Remote Storage  |t 0  |e Y 3.N 21/15:H 35/PRELIM  |h Superintendent of Documents classification  |i unmediated -- volume  |l 1944  |m A14843089427 
998 f f |a Y 3.N 21/15:H 35/PRELIM  |t 0  |l Remote Storage